00624cam a22002411 4500001001300000003000400013005001700017008004100034010001700075035002000092040001800112042001200130043001200142050001800154100003900172245004700211260001000258300002500268500001600293504003100309651002500340999001700365sa 68017252 DLC20260227112701.0890615s1967 ii b 000 0 kano  asa 68017252  a(OCoLC)19876600 aDLCcWaUdDLC apremarc aa-ii---00aDS421.5b.S551 aLiṅgaṇṇa, Simpi,d1905-1993.10aBhāratā saṃskr̥tiya saṅghaṭane. c1967. a3, 2, 103 p.c19 cm. aIn Kannada. aBibliographical footnotes. 0aIndiaxCivilization. c87614d87614